San Tiburcio : carta topográfica /
Carta topográfica de la región circundante a San Tiburcio, Zacatecas. Cubre, hacia el norte, la Sierra La Arracada; al sur, el poblado de Salto de San Juan; al este, el Llano del Coyote, y al oeste, San Francisco de los Quijano, Zacatecas.
Сохранить в:
| Соавтор: | |
|---|---|
| Формат: | Карта |
| Опубликовано: |
México :
Instituto Nacional de Estadística, Geografía e Informática, Dirección General de Geografía,
2002, c2002
|
| Редактирование: | 2a edición |
| Серии: | (Carta Topográfica)
|
| Предметы: | |
| Метки: |
Нет меток, Требуется 1-ая метка записи!
|
MARC
| LEADER | 00000nem^a2200000^a^4500 | ||
|---|---|---|---|
| 001 | 000156684 | ||
| 005 | 20250521000000.0 | ||
| 009 | 20260310100511.652 | ||
| 037 | |a Acervo ITESO - Biblioteca | ||
| 041 | |a GRA | ||
| 093 | |a G-14-C-82 | ||
| 110 | |a Instituto Nacional de Estadística, Geografía e Informática | ||
| 240 | 1 | 1 | |a [San Tiburcio, materiales cartográficos] |
| 245 | 1 | 0 | |a San Tiburcio : |b carta topográfica / |c INEGI. |
| 250 | |a 2a edición | ||
| 255 | |a Escala 1 : 50 000 ; |b Proyección Universal Transversa de Mercator | ||
| 264 | 4 | |a México : |b Instituto Nacional de Estadística, Geografía e Informática, Dirección General de Geografía, |c 2002, c2002 | |
| 300 | |a 1 mapa | ||
| 336 | |a imagen cartográfica estática |b cri |2 rdacontenido | ||
| 337 | |a sin mediación |b n |2 rdamedio | ||
| 338 | |a mapa |b nz |2 rdasoporte | ||
| 440 | 1 | |a (Carta Topográfica) | |
| 520 | |a Carta topográfica de la región circundante a San Tiburcio, Zacatecas. Cubre, hacia el norte, la Sierra La Arracada; al sur, el poblado de Salto de San Juan; al este, el Llano del Coyote, y al oeste, San Francisco de los Quijano, Zacatecas. | ||
| 522 | |a Cartas adyacentes: G14C71, G14C72, G14C73, G14C81, G17C83, F14A11, CF14A12, F14A13 | ||
| 522 | |a Carta formada por métodos fotogramétricos a partir de fotografías obtenidas en octubre de 1999 | ||
| 546 | |a Edición gráfica con texto en español | ||
| 649 | |a XX | ||
| 650 | |a Topografía - |z México | ||
| 650 | |a Sierra La Cucaracha | ||
| 650 | |a Sierra El Barroso | ||
| 650 | |a Sierra La Arracada | ||
| 650 | |a Sierra Los Colgados | ||
| 650 | |a Llano el Coyote | ||
| 650 | |a El Berrendo, Zacatecas - |x Mapas | ||
| 650 | |a La Fábrica, Zacatecas - |x Mapas | ||
| 650 | |a San Tiburcio, Zacatecas - |x Mapas | ||
| 650 | |a San Francisco de los Quijano, Zacatecas - |x Mapas | ||
| 650 | |a Salto de San Juan, Zacatecas - |x Mapas | ||
| 650 | |a San Elías de la Cardona, Zacateca - |x Mapas | ||
| 650 | |a Zacatecas - |x Mapas | ||
| 650 | |a México - |x Mapas | ||
| 910 | |a Fondo General | ||
| 920 | |a Gráficos - Mapas | ||
| 905 | |a 503 | ||
| 901 | |a 0500047895 |b IT2 |c MAP |u 20250521 | ||
| 902 | |a https://opac.biblio.iteso.mx/vufind/Record/000156684 | ||